[Event "XLVII Festival A"]
[Site "Imperia ITA"]
[Date "2005.08.28"]
[Round "1"]
[White "Fossati, Remigio"]
[Black "Biolek, Richard sr"]
[WhiteElo "2133"]
[BlackElo "2460"]
[Result "0-1"]
[PlyCount "110"]
[EventDate "2005.08.28"]

1. e4 d5 2. exd5 Nf6 3. d4 Nxd5 4. c4 Nb6 5. Nc3 e5 6. Nf3 exd4 7. Nxd4 c5 8.
Nc2 Qxd1+ 9. Nxd1 Be6 10. Nde3 g6 11. g3 Nc6 12. b3 Bg7 13. Rb1 O-O-O 14. Bb2
Bxb2 15. Rxb2 Ne5 16. Be2 Rhe8 17. Rb1 Bh3 18. Rd1 Nbd7 19. f3 Nf6 20. Kf2 Be6
21. h4 h5 22. Ng2 Bd7 23. Nce3 Bc6 24. Rhe1 Rd4 25. Nf4 Red8 26. Nf1 Bxf3 27.
Bxf3 Nxf3 28. Rxd4 Nxd4 29. Kg2 Nf5 30. Re5 b6 31. a3 Rd4 32. Kf3 Kd7 33. Ne3
Nxe3 34. Rxe3 Ng4 35. Re2 Rd1 36. Kg2 Rb1 37. Nd5 Rxb3 38. Re7+ Kd6 39. Rxa7
Ne5 40. Nf4 Rb2+ 41. Kg1 Rc2 42. Rb7 Rb2 43. Kf1 Nxc4 44. Rxf7 Ne3+ 45. Ke1 Nd5
46. Rg7 Nxf4 47. gxf4 Rg2 48. f5 Ke5 49. fxg6 Kf5 50. Rf7+ Kxg6 51. Rb7 Rb2 52.
a4 Rb4 53. Rc7 Rxa4 54. Rc6+ Kf5 55. Rxb6 Ke5 0-1

[Event "XLVII Festival A"]
[Site "Imperia ITA"]
[Date "2005.08.28"]
[Round "1"]
[White "Gross, Stefan"]
[Black "Faraci, Antonino"]
[WhiteElo "2274"]
[BlackElo "2067"]
[Result "1-0"]
[PlyCount "81"]
[EventDate "2005.08.28"]

1. d4 c5 2. d5 d6 3. e4 g6 4. Nc3 Bg7 5. Be2 a6 6. a4 b6 7. Nf3 Nh6 8. Bf4 f6
9. Qd2 Nf7 10. O-O O-O 11. Rfb1 Nd7 12. b4 Qc7 13. bxc5 bxc5 14. a5 g5 15. Be3
g4 16. Nh4 Nde5 17. Na4 Rb8 18. Nb6 h5 19. Nxc8 Rfxc8 20. Nf5 Bf8 21. f4 Rxb1+
22. Rxb1 Nd7 23. Bxa6 Ra8 24. Bb5 Nb8 25. Ra1 Nd8 26. c4 Na6 27. Ng3 Qc8 28.
Nxh5 f5 29. e5 dxe5 30. fxe5 Nf7 31. e6 Nd6 32. Bh6 Kh7 33. Bxf8 Qxf8 34. Rf1
Nc7 35. Bc6 Rb8 36. Qg5 Rb4 37. Ng3 Qf6 38. Qxf6 exf6 39. Nxf5 Nxf5 40. Rxf5
Rxc4 41. Rxf6 1-0

[Event "XLVII Festival A"]
[Site "Imperia ITA"]
[Date "2005.08.28"]
[Round "1"]
[White "Hodova, Lucie"]
[Black "Arlandi, Ennio"]
[WhiteElo "2112"]
[BlackElo "2432"]
[Result "0-1"]
[PlyCount "80"]
[EventDate "2005.08.28"]

1. e4 c5 2. Nf3 e6 3. d4 cxd4 4. Nxd4 Nf6 5. Nc3 d6 6. g3 Be7 7. Bg2 O-O 8. O-O
a6 9. Re1 Qc7 10. h3 Nc6 11. Nxc6 bxc6 12. Na4 Nd7 13. c4 Bb7 14. Be3 c5 15.
Nc3 Bf6 16. Qd2 Ne5 17. b3 Nc6 18. Rac1 Bd4 19. f4 Rae8 20. Ne2 e5 21. Bxd4
exd4 22. g4 Qd8 23. Ng3 Kh8 24. Nf5 Ne7 25. Nxe7 Rxe7 26. b4 f6 27. Qd3 Rfe8
28. Re2 Qc7 29. Rce1 Bc6 30. b5 axb5 31. cxb5 Bd7 32. Rb1 Qb6 33. a4 Be6 34.
Qd2 Ra7 35. e5 fxe5 36. fxe5 d5 37. Rf2 Rxa4 38. Qg5 c4 39. Kh1 d3 40. Rbf1
Raa8 0-1

[Event "XLVII Festival A"]
[Site "Imperia ITA"]
[Date "2005.08.28"]
[Round "1"]
[White "Malano, Francesco"]
[Black "Stoppa, Omar"]
[WhiteElo "2034"]
[BlackElo "2214"]
[Result "0-1"]
[PlyCount "24"]
[EventDate "2005.08.28"]

1. Nf3 Nf6 2. g3 c5 3. c4 g6 4. Bg2 Nc6 5. Nc3 Bg7 6. O-O O-O 7. d4 cxd4 8.
Nxd4 d6 9. Nxc6 bxc6 10. Bxc6 Rb8 11. b3 Bh3 12. Re1 Ng4 0-1

[Event "XLVII Festival A"]
[Site "Imperia ITA"]
[Date "2005.08.28"]
[Round "1"]
[White "Mercandelli, Claudio"]
[Black "Dolezal, Radoslav jr"]
[WhiteElo "2105"]
[BlackElo "2390"]
[Result "0-1"]
[PlyCount "64"]
[EventDate "2005.08.28"]

1. c4 Nf6 2. g3 c6 3. Bg2 d5 4. Nf3 Bf5 5. cxd5 cxd5 6. Qb3 Qb6 7. Qxb6 axb6 8.
Nc3 e6 9. Nb5 Ra5 10. Nbd4 Bg6 11. O-O Nbd7 12. d3 e5 13. Nc2 Bd6 14. Bd2 Ra8
15. Bb4 Bxb4 16. Nxb4 Ke7 17. Nh4 Kd6 18. Rac1 Rhc8 19. Bh3 Rc5 20. a3 Re8 21.
Nxg6 hxg6 22. Rfd1 Nb8 23. e3 Nc6 24. Nxc6 Rxc1 25. Rxc1 bxc6 26. Bg2 g5 27. h3
Nd7 28. Kf1 Nc5 29. Ke2 Ra8 30. d4 exd4 31. exd4 Re8+ 32. Kf1 Nd3 0-1

[Event "XLVII Festival A"]
[Site "Imperia ITA"]
[Date "2005.08.28"]
[Round "1"]
[White "Payen, Arnaud"]
[Black "Cirabisi, Federico"]
[WhiteElo "2417"]
[BlackElo "2109"]
[Result "1-0"]
[PlyCount "71"]
[EventDate "2005.08.28"]

1. d4 d5 2. c4 e5 3. Nf3 e4 4. Ng1 c6 5. Nc3 Nf6 6. cxd5 cxd5 7. Bg5 Be7 8. e3
Be6 9. Qb3 O-O 10. Nge2 Nbd7 11. Nf4 h6 12. Bh4 g5 13. Nxe6 fxe6 14. Bg3 Nb6
15. Be2 Rc8 16. O-O-O Nc4 17. Kb1 Qa5 18. Bxc4 Rxc4 19. Rc1 Rb4 20. Qc2 Rc8 21.
f3 Rcc4 22. Ka1 Rb6 23. Be5 Rbc6 24. Bxf6 Bxf6 25. fxe4 b5 26. exd5 exd5 27.
Rhf1 Bg7 28. Qb3 b4 29. Nb1 Qc7 30. Nd2 Rc2 31. Qxd5+ Kh8 32. Nb3 Rxb2 33. Kxb2
Rc2+ 34. Kb1 Qc3 35. Qa8+ Kh7 36. Qe4+ 1-0

[Event "XLVII Festival A"]
[Site "Imperia ITA"]
[Date "2005.08.28"]
[Round "1"]
[White "Schwanengel, Ulrich"]
[Black "Mueller, Ralf"]
[WhiteElo "2097"]
[BlackElo "2342"]
[Result "1/2-1/2"]
[PlyCount "55"]
[EventDate "2005.08.28"]

1. e4 c5 2. Nf3 d6 3. d4 cxd4 4. Nxd4 Nf6 5. Nc3 a6 6. Be3 e5 7. Nb3 Be6 8. f3
Nbd7 9. Nd5 Nxd5 10. exd5 Bf5 11. Bd3 Bxd3 12. Qxd3 g6 13. O-O Bg7 14. c4 b6
15. Qe2 O-O 16. Nd2 a5 17. Ne4 Qc7 18. b3 h6 19. Qd2 Kh7 20. Rae1 Rae8 21. Re2
Nc5 22. Nxc5 bxc5 23. a4 f5 24. Bf2 Rb8 25. Rb1 Qd8 26. Be1 Ra8 27. Qd1 Bf6 28.
Bc3 1/2-1/2

[Event "XLVII Festival A"]
[Site "Imperia ITA"]
[Date "2005.08.28"]
[Round "1"]
[White "Simacek, Pavel"]
[Black "Del Dotto, Riccardo"]
[WhiteElo "2453"]
[BlackElo "2127"]
[Result "1-0"]
[PlyCount "53"]
[EventDate "2005.08.28"]

1. e4 e5 2. Nf3 Nf6 3. Nc3 Bb4 4. Be2 Nc6 5. Nd5 Ba5 6. c3 Nxe4 7. b4 Bb6 8.
Nxb6 axb6 9. b5 Nb8 10. Nxe5 Qg5 11. Ng4 h5 12. d3 Qg6 13. dxe4 hxg4 14. Qd4 d6
15. e5 g3 16. exd6 Rxh2 17. Rxh2 gxh2 18. Qe5+ Be6 19. Qxh2 cxd6 20. Bf4 Qf6
21. Rd1 Qxc3+ 22. Kf1 Nd7 23. Qh8+ Nf8 24. Bxd6 O-O-O 25. Qh4 Ng6 26. Qxd8+
Kxd8 27. Be5+ 1-0

[Event "XLVII Festival A"]
[Site "Imperia ITA"]
[Date "2005.08.28"]
[Round "1"]
[White "Spatola, Davide"]
[Black "Banas, Jan"]
[WhiteElo "2102"]
[BlackElo "2367"]
[Result "0-1"]
[PlyCount "110"]
[EventDate "2005.08.28"]

1. d4 Nf6 2. Nf3 g6 3. Bg5 Bg7 4. Nbd2 d5 5. e3 c5 6. c3 Qb6 7. Qc1 Nc6 8. Bd3
O-O 9. O-O Nd7 10. Rd1 e5 11. dxc5 Nxc5 12. Bf1 Be6 13. b4 Nd7 14. b5 Na5 15.
Be7 Rfc8 16. Bb4 e4 17. Qa3 Nc4 18. Nxc4 dxc4 19. Rd6 Qxb5 20. Nd4 Bxd4 21.
Rxd4 Qf5 22. Be7 Ne5 23. Rb1 Nc6 24. Rd2 b5 25. Rdb2 a6 26. Qd6 Nxe7 27. Qxe7
Qe5 28. Qa3 Rd8 29. Qa5 Qd6 30. a4 Qa3 31. Qb4 Qxb4 32. Rxb4 Rd2 33. Ra1 Rb8
34. axb5 axb5 35. Rbb1 Rc2 36. Rc1 Rxc1 37. Rxc1 Ra8 38. h3 Ra2 39. g4 Kf8 40.
g5 Ke7 41. Kg2 Kd6 42. Kg3 Bd5 43. h4 Kc5 44. Bg2 Rb2 45. f3 exf3 46. Bxf3 Bxf3
47. Kxf3 b4 48. cxb4+ Kxb4 49. e4 c3 50. Ke3 Rh2 51. Rb1+ Kc4 52. e5 c2 53. Ra1
Kc3 54. Ke4 Rxh4+ 55. Kd5 Rf4 0-1

[Event "XLVII Festival A"]
[Site "Imperia ITA"]
[Date "2005.08.28"]
[Round "1"]
[White "Spirek, Adam"]
[Black "Barlocco, Carlo"]
[WhiteElo "2050"]
[BlackElo "2235"]
[Result "1-0"]
[PlyCount "105"]
[EventDate "2005.08.28"]

1. e4 c5 2. Nf3 e6 3. d4 cxd4 4. Nxd4 a6 5. c4 Nf6 6. Nc3 Qc7 7. a3 Nxe4 8.
Nxe4 Qe5 9. Bd3 Qxd4 10. Be3 Qe5 11. Qd2 Nc6 12. O-O f5 13. Bf4 Qa5 14. b4 Qd8
15. Nd6+ Bxd6 16. Bxd6 Qf6 17. Rfe1 Ne7 18. Bxe7 Kxe7 19. Qf4 Kf7 20. c5 Re8
21. h4 Rg8 22. Be2 g5 23. Bh5+ Kf8 24. Qd6+ Qe7 25. hxg5 Qxd6 26. cxd6 Rxg5 27.
Bf3 Kf7 28. Rac1 Kf6 29. Rc7 e5 30. Bd5 Rg4 31. Rec1 Rd4 32. Bg8 Rxd6 33. Rxc8
Rxc8 34. Rxc8 Rd1+ 35. Kh2 d5 36. Bxh7 d4 37. Bg8 e4 38. Rd8 d3 39. Kg3 Ke5 40.
Rd5+ Kf6 41. Kf4 Ra1 42. Bh7 Rxa3 43. Bxf5 Rb3 44. Bxe4 Rxb4 45. Rxd3 a5 46. g4
a4 47. g5+ Ke7 48. Ke5 Rb2 49. f4 b5 50. Bc6 Rc2 51. Rd7+ Kf8 52. Bxb5 a3 53.
Kf6 1-0

[Event "XLVII Festival A"]
[Site "Imperia ITA"]
[Date "2005.08.28"]
[Round "1"]
[White "Sulava, Nenad"]
[Black "Sarmir, Milos"]
[WhiteElo "2485"]
[BlackElo "2154"]
[Result "1-0"]
[PlyCount "109"]
[EventDate "2005.08.28"]

1. Nf3 Nf6 2. g3 d5 3. Bg2 c6 4. O-O e6 5. d3 Bd6 6. Nbd2 O-O 7. b3 Nbd7 8. Bb2
Qc7 9. c4 Ne5 10. Nxe5 Bxe5 11. d4 Bd6 12. Rc1 Qe7 13. Qc2 Ba3 14. Bxa3 Qxa3
15. c5 Re8 16. Nf3 Qa5 17. Qb2 b5 18. Rfe1 Qc7 19. Ne5 Nd7 20. Nd3 Nf8 21. e4
Bd7 22. Re3 f6 23. Rce1 Rad8 24. h4 h6 25. b4 a5 26. bxa5 Qxa5 27. Nb4 Ra8 28.
Kh2 f5 29. exf5 exf5 30. Qb3 Kh8 31. Rxe8 Rxe8 32. Rxe8 Bxe8 33. Qe3 Qd8 34.
Qe5 Bd7 35. Bh3 Qf6 36. Qxf6 gxf6 37. Kg2 Kg7 38. Kf3 Kf7 39. Nc2 Ne6 40. Bxf5
Nxc5 41. dxc5 Bxf5 42. Nd4 Bd7 43. g4 Kg6 44. Kg3 h5 45. f3 Kh6 46. a3 Kg6 47.
Kf4 Kh6 48. Ne2 Be8 49. Kf5 Bd7+ 50. Kxf6 hxg4 51. fxg4 Bxg4 52. Nd4 Kh5 53.
Nxc6 Kxh4 54. Nd4 Kg3 55. Ke5 1-0

[Event "XLVII Festival A"]
[Site "Imperia ITA"]
[Date "2005.08.28"]
[Round "1"]
[White "Van Hoolandt, Patrick"]
[Black "Blasco, Domenico"]
[WhiteElo "2191"]
[BlackElo "1994"]
[Result "1/2-1/2"]
[PlyCount "103"]
[EventDate "2005.08.28"]

1. d4 g6 2. c4 Bg7 3. Nc3 d6 4. Nf3 Nc6 5. g3 Bg4 6. Bg2 Qc8 7. d5 Ne5 8. Nxe5
Bxe5 9. h3 Bd7 10. Be3 c5 11. Qd2 a6 12. a4 h5 13. Bf4 Bg7 14. e4 Bh6 15. a5
Qc7 16. Bxh6 Nxh6 17. Na4 Bxa4 18. Rxa4 O-O-O 19. O-O Kb8 20. b4 Qd7 21. Ra3
cxb4 22. Qxb4 Rc8 23. Rb1 Rc7 24. Rab3 f6 25. Bf1 Ka8 26. Qb6 Nf7 27. f4 g5 28.
Kh2 h4 29. c5 hxg3+ 30. Rxg3 dxc5 31. fxg5 Nxg5 32. e5 Ne4 33. Re3 Nd2 34. Rd1
Nxf1+ 35. Rxf1 Qb5 36. Qxb5 axb5 37. exf6 exf6 38. d6 Rf7 39. Rf5 Rc8 40. Rc3
b4 41. Rcxc5 Rxc5 42. Rxc5 Rd7 43. Rb5 Rxd6 44. Rxb4 Rd5 45. Ra4 Ka7 46. Kg3
Ka6 47. h4 Kb5 48. Ra1 Kc6 49. Kg4 Kd6 50. Ra4 Ke6 51. Kf4 Kf7 52. Rb4 1/2-1/2

[Event "XLVII Festival A"]
[Site "Imperia ITA"]
[Date "2005.08.29"]
[Round "2"]
[White "Arlandi, Ennio"]
[Black "Gross, Stefan"]
[WhiteElo "2432"]
[BlackElo "2274"]
[Result "1/2-1/2"]
[PlyCount "88"]
[EventDate "2005.08.28"]

1. d4 d5 2. c4 c6 3. Nf3 Nf6 4. e3 g6 5. Nc3 Bg7 6. Be2 O-O 7. O-O Bg4 8. cxd5
Nxd5 9. h3 Bxf3 10. Bxf3 e6 11. Qc2 Nd7 12. Rd1 Qe7 13. a3 Rfd8 14. Bd2 Nxc3
15. Bxc3 Nb6 16. b4 e5 17. dxe5 Bxe5 18. Qe4 Re8 19. Qxe5 Qxe5 20. Bxe5 Rxe5
21. a4 a5 22. Rd4 Re7 23. b5 cxb5 24. axb5 a4 25. Kf1 Ra5 26. Be2 Rd7 27. Ke1
Rxd4 28. exd4 Kf8 29. Kd2 Nd5 30. Bc4 Nb6 31. Kc3 Ke7 32. Be2 Kd6 33. Kb4 Ra8
34. Rc1 a3 35. Kb3 Ra4 36. Bf3 a2 37. Ra1 Rxd4 38. Rxa2 Nd5 39. Bxd5 Rxd5 40.
Kc4 Rf5 41. Rd2+ Kc7 42. f3 h5 43. Rd4 Kb6 44. Rd6+ Kc7 1/2-1/2

[Event "XLVII Festival A"]
[Site "Imperia ITA"]
[Date "2005.08.29"]
[Round "2"]
[White "Banas, Jan"]
[Black "Likavsky, Tomas"]
[WhiteElo "2367"]
[BlackElo "2493"]
[Result "1-0"]
[PlyCount "81"]
[EventDate "2005.08.28"]

1. c4 e6 2. Nc3 d5 3. d4 Nf6 4. cxd5 exd5 5. Bg5 Be7 6. e3 c6 7. Qc2 Nbd7 8.
Bd3 Nh5 9. Bxe7 Qxe7 10. Nf3 Nf4 11. Bf1 Nf6 12. O-O-O Ng6 13. Bd3 Bg4 14. Kb1
O-O-O 15. h3 Bxf3 16. gxf3 Nh4 17. f4 Kb8 18. Rhg1 g6 19. Na4 Ne4 20. Bxe4 dxe4
21. Nc5 Nf3 22. Rh1 f5 23. Rc1 Rhg8 24. Qa4 g5 25. fxg5 Rxg5 26. Rc3 Rdg8 27.
Rhc1 Rg1 28. Ra3 b5 29. Qa5 f4 30. Na6+ Kb7 31. Nb4 Kc8 32. Nxc6 Rxc1+ 33. Kxc1
Qc7 34. Qa6+ Kd7 35. Rc3 Qb6 36. Qa3 b4 37. Nxb4 fxe3 38. Qa4+ Kd8 39. Nc6+ Ke8
40. Ne5+ Kf8 41. Rc8+ 1-0

[Event "XLVII Festival A"]
[Site "Imperia ITA"]
[Date "2005.08.29"]
[Round "2"]
[White "Barlocco, Carlo"]
[Black "Mercandelli, Claudio"]
[WhiteElo "2235"]
[BlackElo "2105"]
[Result "1-0"]
[PlyCount "71"]
[EventDate "2005.08.28"]

1. Nf3 Nf6 2. c4 g6 3. g3 Bg7 4. Bg2 O-O 5. O-O d6 6. Nc3 e5 7. d4 exd4 8. Nxd4
c6 9. b3 Na6 10. Ba3 Qa5 11. Bb2 Qh5 12. e4 Bg4 13. f3 Bh3 14. Nc2 Bxg2 15.
Kxg2 d5 16. cxd5 cxd5 17. Nxd5 Nxd5 18. Bxg7 Nf4+ 19. gxf4 Kxg7 20. Qd4+ Kg8
21. Ne3 Qc5 22. Qxc5 Nxc5 23. Rfd1 Rad8 24. f5 gxf5 25. Nxf5 Nd3 26. Kf1 f6 27.
Ke2 Ne5 28. Rg1+ Ng6 29. h4 Kf7 30. h5 Nf4+ 31. Ke3 Ne6 32. Rad1 b6 33. Rd5 Ng5
34. Rgd1 Ne6 35. Rd7+ Ke8 36. Re7# 1-0

[Event "XLVII Festival A"]
[Site "Imperia ITA"]
[Date "2005.08.29"]
[Round "2"]
[White "Carzolio, Luigi"]
[Black "Hodova, Lucie"]
[WhiteElo "2034"]
[BlackElo "2112"]
[Result "0-1"]
[PlyCount "58"]
[EventDate "2005.08.28"]

1. f4 c5 2. Nf3 Nc6 3. e3 g6 4. Bb5 Bg7 5. O-O Nf6 6. c4 O-O 7. Nc3 d6 8. Bxc6
bxc6 9. d3 Nd7 10. Qd2 e5 11. g3 Qe7 12. e4 exf4 13. gxf4 f5 14. Qe1 Nf6 15.
Bd2 fxe4 16. dxe4 Bh3 17. Rf2 Nh5 18. f5 gxf5 19. Ng5 Bg4 20. h3 f4 21. hxg4
Qxg5 22. Rg2 Nf6 23. Qg3 fxg3 24. Bxg5 Nxg4 25. Rxg3 Bd4+ 26. Kg2 Rf2+ 27. Kh3
h5 28. Rg2 Raf8 29. Bh4 R8f3+ 0-1

[Event "XLVII Festival A"]
[Site "Imperia ITA"]
[Date "2005.08.29"]
[Round "2"]
[White "Del Dotto, Riccardo"]
[Black "Malano, Francesco"]
[WhiteElo "2127"]
[BlackElo "2034"]
[Result "1-0"]
[PlyCount "83"]
[EventDate "2005.08.28"]

1. e4 d6 2. d4 Nf6 3. Nc3 e5 4. Nf3 Nbd7 5. g3 c6 6. Bg2 Be7 7. a4 b6 8. O-O
Bb7 9. b3 O-O 10. Re1 Re8 11. Ba3 Bf8 12. Qd2 Qc7 13. Rad1 Rad8 14. Nh4 g6 15.
f4 c5 16. d5 Bh6 17. Qf2 exf4 18. gxf4 Bc8 19. Bc1 a6 20. h3 Bg7 21. Qf3 Nh5
22. Bd2 Bf6 23. Nf5 Ng7 24. Nh6+ Kf8 25. Ne2 Nh5 26. Bc3 Kg7 27. Ng4 Bxc3 28.
Qxc3+ f6 29. Rf1 Re7 30. Nd4 Nb8 31. Ne2 Nd7 32. Nd4 Nb8 33. Ne2 Nd7 34. Rde1
Rde8 35. Bf3 Rf7 36. Kh2 Qd8 37. Rg1 Qe7 38. Ne3 Kh6 39. Bxh5 Qxe4 40. Ng3 Qd4
41. Ngf5+ gxf5 42. Nxf5+ 1-0

[Event "XLVII Festival A"]
[Site "Imperia ITA"]
[Date "2005.08.29"]
[Round "2"]
[White "Dunis, Aurelien"]
[Black "Jurek, Josef"]
[WhiteElo "2485"]
[BlackElo "2381"]
[Result "1/2-1/2"]
[PlyCount "44"]
[EventDate "2005.08.28"]

1. c4 c5 2. Nc3 Nf6 3. g3 e6 4. Nf3 b6 5. Bg2 Bb7 6. O-O Be7 7. d4 cxd4 8. Qxd4
d6 9. Rd1 a6 10. b3 Nbd7 11. e4 Qc8 12. Bb2 O-O 13. h3 Re8 14. Rac1 Qc7 15. Re1
Rad8 16. Qd2 Qb8 17. Nd4 Bf8 18. Re2 Qa8 19. Kh2 Nc5 20. Rce1 g6 21. Qd1 Bg7
22. f3 Qb8 1/2-1/2

[Event "XLVII Festival A"]
[Site "Imperia ITA"]
[Date "2005.08.29"]
[Round "2"]
[White "Faraci, Antonino"]
[Black "Fossati, Remigio"]
[WhiteElo "2067"]
[BlackElo "2133"]
[Result "1/2-1/2"]
[PlyCount "93"]
[EventDate "2005.08.28"]

1. e4 c5 2. Nf3 Nc6 3. d4 cxd4 4. Nxd4 Qc7 5. Nc3 e6 6. Be3 a6 7. Nxc6 Qxc6 8.
Bd3 b5 9. a3 Bb7 10. O-O Nf6 11. Qe2 Be7 12. f4 d6 13. Nxb5 O-O 14. Nc3 Nd7 15.
Rf3 Bf6 16. e5 dxe5 17. Be4 Qc7 18. Bxh7+ Kxh7 19. Rh3+ Kg8 20. Qh5 Bh4 21.
Rxh4 f6 22. Qh7+ Kf7 23. Rg4 Rg8 24. Rf1 Nf8 25. Qh4 f5 26. fxe5 Rc8 27. Bd4
Qd7 28. Rg3 g5 29. Qh5+ Rg6 30. Rd1 Qe7 31. Qe2 g4 32. Be3 Rg7 33. Bf4 Rh7 34.
Rgd3 Kg8 35. Qe3 Ba8 36. Bg5 Qb7 37. R1d2 Qxb2 38. Bf6 Bc6 39. Rd8 Rxd8 40.
Rxd8 Qxa3 41. Qg5+ Kf7 42. Qd2 Qc5+ 43. Qd4 Qxd4+ 44. Rxd4 Kg6 45. Rd6 Bb7 46.
Ne2 Rc7 47. Rb6 1/2-1/2

[Event "XLVII Festival A"]
[Site "Imperia ITA"]
[Date "2005.08.29"]
[Round "2"]
[White "Haba, Zdenek"]
[Black "De Marco, Walter"]
[WhiteElo "2277"]
[BlackElo "2055"]
[Result "1-0"]
[PlyCount "61"]
[EventDate "2005.08.28"]

1. d4 g6 2. c4 Bg7 3. Nc3 d6 4. e4 Nc6 5. d5 Nd4 6. Be3 c5 7. Nge2 Qb6 8. Nxd4
cxd4 9. Na4 Qa5+ 10. Bd2 Qc7 11. Bd3 Bd7 12. Rc1 b6 13. b4 Kf8 14. O-O Bh6 15.
Bxh6+ Nxh6 16. Bb1 f6 17. Nb2 a5 18. a3 axb4 19. axb4 Kg7 20. Qxd4 Rhc8 21. f4
Nf7 22. Rfe1 b5 23. e5 dxe5 24. fxe5 Nxe5 25. Nd3 Qa7 26. c5 Qa1 27. Qxa1 Rxa1
28. Nxe5 fxe5 29. Rxe5 Bf5 30. Rxe7+ Kh8 31. Ree1 1-0

[Event "XLVII Festival A"]
[Site "Imperia ITA"]
[Date "2005.08.29"]
[Round "2"]
[White "Poloch, Petr"]
[Black "Simacek, Pavel"]
[WhiteElo "2294"]
[BlackElo "2453"]
[Result "1/2-1/2"]
[PlyCount "41"]
[EventDate "2005.08.28"]

1. e4 c5 2. Nf3 d6 3. c3 Nf6 4. Be2 Nc6 5. d4 cxd4 6. cxd4 Nxe4 7. d5 Qa5+ 8.
Nc3 Nxc3 9. bxc3 Ne5 10. Nxe5 dxe5 11. O-O Bd7 12. c4 g6 13. Rb1 Rb8 14. Bd2
Qd8 15. Be3 b6 16. c5 Bg7 17. Qb3 O-O 18. cxb6 Bf5 19. Bd3 Bxd3 20. Qxd3 axb6
21. Rfe1 1/2-1/2

[Event "XLVII Festival A"]
[Site "Imperia ITA"]
[Date "2005.08.29"]
[Round "2"]
[White "Puobis, Jozef"]
[Black "Blasco, Domenico"]
[WhiteElo "2051"]
[BlackElo "1994"]
[Result "1/2-1/2"]
[PlyCount "29"]
[EventDate "2005.08.28"]

1. e4 g6 2. d4 Bg7 3. Nf3 c6 4. Nc3 d5 5. e5 Nh6 6. Ne2 O-O 7. Ng3 c5 8. c3
cxd4 9. cxd4 Nc6 10. h3 Nf5 11. Nxf5 Bxf5 12. a3 Qb6 13. b4 Be4 14. Be3 Bxf3
15. gxf3 1/2-1/2

[Event "XLVII Festival A"]
[Site "Imperia ITA"]
[Date "2005.08.29"]
[Round "2"]
[White "Sarmir, Milos"]
[Black "Spatola, Davide"]
[WhiteElo "2154"]
[BlackElo "2102"]
[Result "1-0"]
[PlyCount "99"]
[EventDate "2005.08.28"]

1. e4 d6 2. d4 Nf6 3. Nc3 g6 4. Bc4 c6 5. Nf3 b5 6. Bd3 Bg4 7. h3 Bxf3 8. Qxf3
Nbd7 9. e5 dxe5 10. Qxc6 b4 11. Nd5 Nxd5 12. Qxd5 e6 13. Qb7 Qc8 14. Qxc8+ Rxc8
15. dxe5 Nxe5 16. Bb5+ Nc6 17. Be3 Bg7 18. O-O-O O-O 19. Bc5 Rfe8 20. Rd6 Bd4
21. Rxc6 Rxc6 22. Bxc6 Rc8 23. Bxb4 Rxc6 24. Rd1 Bf6 25. b3 Rc7 26. c4 Bg5+ 27.
Kc2 f5 28. Bd6 Rc6 29. Be5 a6 30. Rd6 Rc5 31. Bd4 Ra5 32. a4 Kf7 33. Rd7+ Ke8
34. Rc7 Be7 35. Bc3 Rc5 36. Rxe7+ Kxe7 37. Bb4 Kd6 38. Kc3 a5 39. Ba3 Kc6 40.
f4 Kb6 41. Bxc5+ Kxc5 42. Kd3 Kc6 43. Kd4 Kd6 44. c5+ Kc6 45. Kc4 h6 46. h4 e5
47. fxe5 f4 48. e6 g5 49. hxg5 hxg5 50. Kd4 1-0

[Event "XLVII Festival A"]
[Site "Imperia ITA"]
[Date "2005.08.29"]
[Round "2"]
[White "Simek, Jiri"]
[Black "Ermenkov, Evgenij P."]
[WhiteElo "2193"]
[BlackElo "2478"]
[Result "0-1"]
[PlyCount "122"]
[EventDate "2005.08.28"]

1. e4 c5 2. Nf3 d6 3. d4 cxd4 4. Nxd4 Nf6 5. Nc3 Nc6 6. Be2 e5 7. Nb3 Be7 8.
Be3 O-O 9. O-O a5 10. a4 Nb4 11. f3 d5 12. exd5 Bf5 13. Rc1 Nfxd5 14. Nxd5 Nxd5
15. Bf2 Bg5 16. Ra1 Ne3 17. Bxe3 Bxe3+ 18. Kh1 Qb6 19. Bb5 Qh6 20. Qe2 Bf4 21.
g4 Bg6 22. Bd7 Qg5 23. Nc5 Qe7 24. Qb5 b6 25. Ne4 Rad8 26. Rad1 Qh4 27. Qe2 h5
28. Rg1 hxg4 29. Rxg4 Qe7 30. Bb5 Rxd1+ 31. Qxd1 Bh5 32. Rg2 Rd8 33. Qf1 Rd4
34. Bd3 Qh4 35. Ng3 Bxg3 36. Rxg3 Rxa4 37. Qg1 Qf6 38. Qe3 Qf4 39. Qxf4 exf4
40. Rh3 g6 41. Kg2 Kg7 42. b3 Rd4 43. Kf2 Kh6 44. Ke2 Kg5 45. Bc4 Rd7 46. Bd3
Re7+ 47. Kf2 Re3 48. Be2 f5 49. Bd3 Kf6 50. Be2 Rc3 51. Bd3 b5 52. Ke2 a4 53.
Kd2 a3 54. Kc1 b4 55. Rh4 Kg5 56. Rh3 Rc7 57. Kb1 Re7 58. Bc4 Re3 59. Bd5 Re1+
60. Ka2 Rc1 61. c4 bxc3 0-1

[Event "XLVII Festival A"]
[Site "Imperia ITA"]
[Date "2005.08.29"]
[Round "2"]
[White "Stoppa, Omar"]
[Black "Sulava, Nenad"]
[WhiteElo "2214"]
[BlackElo "2485"]
[Result "0-1"]
[PlyCount "130"]
[EventDate "2005.08.28"]

1. e4 d6 2. d4 Nf6 3. Bd3 e5 4. Nf3 exd4 5. Nxd4 g6 6. O-O Bg7 7. c3 O-O 8. Bg5
h6 9. Bh4 c5 10. Nc2 Nc6 11. Ne3 g5 12. Bg3 Re8 13. Nc4 Nxe4 14. Bxe4 Rxe4 15.
Nxd6 Re7 16. Qc2 Be6 17. Na3 Rd7 18. Rad1 Qe7 19. Nf5 Bxf5 20. Qxf5 Rxd1 21.
Rxd1 Qe2 22. Qc2 Re8 23. Qxe2 Rxe2 24. Rb1 f5 25. Kf1 Rd2 26. Ke1 Rd7 27. f3 f4
28. Bf2 Ne5 29. Ke2 b6 30. Be1 Re7 31. Kd2 g4 32. Bh4 Re6 33. fxg4 f3 34. Bg3
fxg2 35. Bxe5 Bxe5 36. Rg1 Bf4+ 37. Kd1 Rd6+ 38. Ke2 Bxh2 39. Rxg2 Bf4 40. Ke1
Kg7 41. Re2 Kf6 42. Re8 Kg5 43. Nc4 Rd7 44. Rg8+ Kh4 45. a4 Re7+ 46. Kf2 Re4
47. b3 Bg3+ 48. Kf3 Rf4+ 49. Ke2 Rxg4 50. Rb8 Rg7 51. a5 bxa5 52. Rc8 Rc7 53.
Rf8 h5 54. Kf3 Kh3 55. Nd2 c4 56. bxc4 h4 57. Rf5 a4 58. Ra5 Rf7+ 59. Ke2 Rf2+
60. Ke3 Kg2 61. Ne4 Rf3+ 62. Ke2 h3 63. Rh5 h2 64. c5 a3 65. c6 a2 0-1

[Event "XLVII Festival A"]
[Site "Imperia ITA"]
[Date "2005.08.29"]
[Round "2"]
[White "Tasic, Branislav"]
[Black "Schwanengel, Ulrich"]
[WhiteElo "2245"]
[BlackElo "2097"]
[Result "1/2-1/2"]
[PlyCount "49"]
[EventDate "2005.08.28"]

1. d4 Nf6 2. Nf3 e6 3. c4 d5 4. g3 dxc4 5. Bg2 Nc6 6. O-O Rb8 7. Nc3 b5 8. Ne5
Nxe5 9. dxe5 Nd7 10. Bc6 a6 11. Qd4 Bb7 12. Bxb7 Rxb7 13. Rd1 c5 14. Qg4 Qc7
15. Bf4 Qc6 16. f3 f5 17. exf6 Nxf6 18. Qg5 Be7 19. Qxg7 Rg8 20. Qh6 Rg6 21.
Qh3 b4 22. Ne4 Nxe4 23. Qxh7 c3 24. Qh8+ Kf7 25. Qh7+ 1/2-1/2

[Event "XLVII Festival A"]
[Site "Imperia ITA"]
[Date "2005.08.29"]
[Round "2"]
[White "Van Hoolandt, Patrick"]
[Black "Cugini, Verter"]
[WhiteElo "2191"]
[BlackElo "2210"]
[Result "1/2-1/2"]
[PlyCount "89"]
[EventDate "2005.08.28"]

1. d4 d6 2. Nf3 Nf6 3. c4 g6 4. Nc3 Bg7 5. e4 O-O 6. Be2 c6 7. d5 Na6 8. Be3
Qa5 9. Nd2 Bd7 10. Nb3 Qc7 11. Rc1 c5 12. O-O Qc8 13. f3 Nc7 14. Nd2 b6 15. Bd3
a6 16. a4 Qb7 17. Qe2 Rfb8 18. Ra1 b5 19. axb5 axb5 20. Rxa8 Qxa8 21. cxb5 Nfe8
22. Ndb1 Qa5 23. Bd2 Qa7 24. Kh1 Na8 25. Na3 Nb6 26. Rc1 Nc7 27. Bg5 Re8 28. g3
Kf8 29. Qd2 Rb8 30. Bh6 Na4 31. Bxg7+ Kxg7 32. Qc2 Nxc3 33. Qxc3+ f6 34. Kg2
Bxb5 35. Nxb5 Nxb5 36. Bxb5 Rxb5 37. Rc2 Qa1 38. h4 Rb4 39. Rd2 Qb1 40. Rc2 Qa2
41. Rf2 Rc4 42. Qd2 Qb1 43. Rf1 Qc2 44. Qxc2 Rxc2+ 45. Rf2 1/2-1/2

[Event "XLVII Festival A"]
[Site "Imperia ITA"]
[Date "2005.08.29"]
[Round "2"]
[White "Zanetti, Alberto"]
[Black "Payen, Arnaud"]
[WhiteElo "2217"]
[BlackElo "2417"]
[Result "0-1"]
[PlyCount "90"]
[EventDate "2005.08.28"]

1. Nf3 d5 2. d4 c6 3. e3 e6 4. Bd3 Nd7 5. O-O Bd6 6. e4 dxe4 7. Bxe4 Ngf6 8.
Bd3 b6 9. c4 Bb7 10. Re1 O-O 11. Nc3 c5 12. d5 exd5 13. cxd5 a6 14. Bg5 Qc7 15.
Ne4 Nxe4 16. Rxe4 Ne5 17. Bf6 Ng6 18. Bc3 Bxd5 19. Rh4 Bxf3 20. Bxg6 fxg6 21.
gxf3 Rad8 22. Qb3+ Qf7 23. Kg2 b5 24. Qxf7+ Rxf7 25. Rd1 Rfd7 26. Re4 Kf7 27.
a3 Re7 28. Rd5 Rdd7 29. h3 h6 30. Rd2 Bc7 31. Rde2 Rxe4 32. fxe4 Ke6 33. Kf3 c4
34. Rd2 Rxd2 35. Bxd2 Be5 36. Bc3 g5 37. Kg4 g6 38. Kf3 h5 39. Ke3 Bxc3 40.
bxc3 Ke5 41. f3 a5 42. Ke2 Kf4 43. Kf2 g4 44. fxg4 hxg4 45. hxg4 Kxe4 0-1